[Event "SR 2. liga A 2015/2016"]
[Site "?"]
[Date "2015.11.08"]
[Round "4.1"]
[White "Jancovic, Peter"]
[Black "Kapusta, Petr"]
[Result "1-0"]
[WhiteElo "2178"]
[BlackElo "2097"]
[PlyCount "133"]
[EventDate "2015.??.??"]

1. d4 Nf6 2. c4 g6 3. Nc3 Bg7 4. Nf3 O-O 5. g3 d6 6. Bg2 Nc6 7. O-O a6 8. b3
Rb8 9. Bb2 b5 10. cxb5 axb5 11. Ng5 Na5 12. Qd3 b4 13. Nce4 Nxe4 14. Nxe4 c5
15. Rac1 Bf5 16. Qd2 Bxe4 17. Bxe4 d5 18. Bd3 cxd4 19. Rc5 e5 20. f4 e4 21. Bb1
e3 22. Qd3 Nb7 23. Rb5 Qd7 24. f5 Nd6 25. Rxb8 Rxb8 26. fxg6 hxg6 27. Bxd4 Nf5
28. Bxg7 Kxg7 29. Qd1 d4 30. Bxf5 gxf5 31. Qd3 Ra8 32. Rxf5 Rxa2 33. Qe4 Qe6
34. Qxd4+ f6 35. Rg5+ Kf7 36. Rg4 Rd2 37. Qxb4 Qd5 38. Re4 Rd1+ 39. Kg2 Rg1+
40. Kxg1 Qd1+ 41. Kg2 Qxe2+ 42. Kh3 Qh5+ 43. Rh4 Qf5+ 44. Rg4 Qh7+ 45. Kg2 Qc2+
46. Kf3 Qf2+ 47. Ke4 f5+ 48. Kd3 Qf1+ 49. Kxe3 Qg1+ 50. Kf4 fxg4 51. Qb7+ Kf8
52. Qc8+ Kf7 53. Qf5+ Ke8 54. Qe6+ Kf8 55. Kxg4 Qxh2 56. b4 Qb2 57. b5 Qg7+ 58.
Kf3 Qc3+ 59. Kf4 Qc7+ 60. Qe5 Qc4+ 61. Kf5 Qc8+ 62. Kg5 Kg8 63. Qd5+ Kh8 64.
Qd4+ Kh7 65. Qh4+ Kg8 66. Qg4 Qc5+ 67. Kf4+ 1-0

[Event "SR 2. liga A 2015/2016"]
[Site "?"]
[Date "2015.11.08"]
[Round "4.1"]
[White "Londin, Martin"]
[Black "Kolcak, Marek"]
[Result "0-1"]
[WhiteElo "1937"]
[BlackElo "2070"]
[PlyCount "50"]
[EventDate "2015.??.??"]

1. e4 e6 2. d4 d5 3. exd5 exd5 4. c4 Nf6 5. Nf3 Bf5 6. Bd3 Bb4+ 7. Nc3 Bxd3 8.
Qxd3 O-O 9. O-O c6 10. Bf4 dxc4 11. Qxc4 Bd6 12. Bxd6 Qxd6 13. Rfe1 Nbd7 14.
Ne4 Nxe4 15. Rxe4 Rae8 16. Rae1 Rxe4 17. Rxe4 Nf6 18. Re5 Re8 19. h3 Re7 20.
Qc5 Qxc5 21. dxc5 Kf8 22. Kf1 a5 23. Rxe7 Kxe7 24. Ne5 Nd7 25. b3 Nxe5 0-1

[Event "SR 2. liga A 2015/2016"]
[Site "?"]
[Date "2015.11.08"]
[Round "4.1"]
[White "Cambel, Vladimir"]
[Black "Harastova, Viera"]
[Result "1-0"]
[WhiteElo "2056"]
[BlackElo "1874"]
[PlyCount "37"]
[EventDate "2015.??.??"]

1. Nf3 Nc6 2. d4 d5 3. c4 e6 4. Nc3 Nf6 5. Bg5 Be7 6. e3 h6 7. Bh4 b6 8. Ne5
Nxe5 9. dxe5 Nd7 10. Bxe7 Qxe7 11. cxd5 Nxe5 12. Qd4 f6 13. f4 Nf7 14. Bb5+ Bd7
15. dxe6 Qxe6 16. Bxd7+ Qxd7 17. Qe4+ Qe7 18. Qxa8+ Nd8 19. Qe4 1-0

[Event "SR 2. liga A 2015/2016"]
[Site "?"]
[Date "2015.11.08"]
[Round "4.1"]
[White "Vepy, Ivan"]
[Black "Sulek, Viliam"]
[Result "0-1"]
[WhiteElo "1936"]
[BlackElo "2064"]
[PlyCount "86"]
[EventDate "2015.??.??"]

1. e4 c5 2. Nf3 Nc6 3. Be2 d6 4. O-O Nf6 5. Nc3 e5 6. d3 h6 7. Nd5 Nxd5 8. exd5
Ne7 9. c4 Ng6 10. Ne1 Be7 11. f4 exf4 12. Bxf4 Nxf4 13. Rxf4 O-O 14. Bh5 Bf6
15. Qf3 Bd4+ 16. Kh1 f5 17. Rxd4 cxd4 18. Qf2 Qg5 19. Bf3 Qe3 20. Qf1 Bd7 21.
Nc2 Qe5 22. Qf2 Rae8 23. Nxd4 Qe3 24. Qxe3 Rxe3 25. Rd1 Kh8 26. Kg1 g5 27. Kf2
Re7 28. Bh5 Kg7 29. Rf1 Kf6 30. Kg1 Re3 31. Be2 Rfe8 32. Rf2 f4 33. g3 Kg6 34.
gxf4 gxf4 35. Bf1 Rf8 36. Nf3 Kh7 37. Nd4 Re1 38. Nc2 Rc1 39. Kg2 h5 40. Kf3
Re8 41. d4 Bg4+ 42. Kg2 Bf5 43. Kf3 Bxc2 0-1

[Event "SR 2. liga A 2015/2016"]
[Site "?"]
[Date "2015.11.08"]
[Round "4.1"]
[White "Breja, Stanislav"]
[Black "Vogl, Zdenek"]
[Result "1/2-1/2"]
[WhiteElo "1988"]
[BlackElo "1894"]
[PlyCount "63"]
[EventDate "2015.??.??"]

1. e4 e5 2. Nf3 Nc6 3. Bb5 a6 4. Bxc6 dxc6 5. Nc3 Bg4 6. h3 Bxf3 7. Qxf3 Nf6 8.
d3 h6 9. O-O Nd7 10. Qg3 Qf6 11. f4 Bc5+ 12. Kh1 Qg6 13. Qxg6 fxg6 14. fxe5
Nxe5 15. Bf4 Bd6 16. Ne2 O-O 17. Kg1 g5 18. Bxe5 Bxe5 19. Rxf8+ Rxf8 20. d4 Bf4
21. Nxf4 Rxf4 22. Re1 Kf7 23. g3 Rf6 24. Rf1 Ke6 25. Kg2 h5 26. c3 c5 27. g4 h4
28. Rxf6+ gxf6 29. dxc5 Ke5 30. Kf3 c6 31. Ke3 Ke6 32. Kd4 1/2-1/2

[Event "SR 2. liga A 2015/2016"]
[Site "?"]
[Date "2015.11.08"]
[Round "4.1"]
[White "Hrubsa, Marian"]
[Black "Briestenska, Andrea"]
[Result "0-1"]
[WhiteElo "1814"]
[BlackElo "1964"]
[PlyCount "82"]
[EventDate "2015.??.??"]

1. e4 d6 2. d4 Nf6 3. Nc3 c6 4. f4 Qa5 5. Bd3 e5 6. Nf3 Nbd7 7. O-O Be7 8. Bd2
Qc7 9. Qe2 O-O 10. a4 a5 11. Bc4 h6 12. Qf2 exd4 13. Nxd4 Nc5 14. Rae1 Qb6 15.
h3 Nh7 16. Kh1 Qd8 17. Kh2 Bd7 18. g3 Qc8 19. Qg2 Re8 20. g4 Bh4 21. Re2 Bf6
22. Nf5 Bxf5 23. gxf5 Qc7 24. Rg1 Kh8 25. Be3 b6 26. Bf2 Rg8 27. Qf3 Rae8 28.
Qh5 Re7 29. Qf3 Rge8 30. Rge1 Bxc3 31. bxc3 Nxa4 32. Bd4 f6 33. Rg1 b5 34. Ba2
c5 35. Bf2 c4 36. Bd4 Nc5 37. Bxc5 dxc5 38. Reg2 Ng5 39. Qh5 Qxf4+ 40. Kh1 Rxe4
41. Qg6 Re1 0-1

[Event "SR 2. liga A 2015/2016"]
[Site "?"]
[Date "2015.11.08"]
[Round "4.1"]
[White "Kostolansky, Sebastian Lukas"]
[Black "Jarabek, Milan"]
[Result "1-0"]
[WhiteElo "1783"]
[BlackElo "1708"]
[PlyCount "59"]
[EventDate "2015.??.??"]

1. e4 c5 2. Nf3 d6 3. Bb5+ Bd7 4. Bxd7+ Qxd7 5. O-O Nc6 6. c3 Nf6 7. Re1 e6 8.
d4 cxd4 9. cxd4 Be7 10. Nc3 O-O 11. Bg5 b5 12. e5 Nd5 13. Nxd5 exd5 14. Bxe7
Qxe7 15. Qb3 dxe5 16. Qxd5 Qf6 17. dxe5 Qe6 18. Qxe6 fxe6 19. Rad1 Rad8 20. Kf1
Rxd1 21. Rxd1 Rd8 22. Rxd8+ Nxd8 23. Nd4 a6 24. Ke2 Kf7 25. Kd3 Ke7 26. Kc3 Kd7
27. f4 Nb7 28. Kb4 g6 29. h3 h5 30. g4 1-0

[Event "SR 2. liga A 2015/2016"]
[Site "?"]
[Date "2015.11.08"]
[Round "4.2"]
[White "Lanc, Alois"]
[Black "Janos, Martin"]
[Result "1-0"]
[WhiteElo "2302"]
[BlackElo "2259"]
[PlyCount "103"]
[EventDate "2015.??.??"]

1. e4 c5 2. Nf3 Nc6 3. d4 cxd4 4. Nxd4 e5 5. Nb5 d6 6. a4 Be7 7. N1c3 a6 8. Na3
Nf6 9. Bg5 Be6 10. Bxf6 Bxf6 11. Bc4 O-O 12. O-O Qd7 13. Nd5 Bd8 14. c3 Kh8 15.
Nc2 f5 16. exf5 Bxf5 17. Nce3 Bg6 18. Be2 Qe8 19. Nc4 Qe6 20. Bg4 Bf5 21. Bxf5
Rxf5 22. Nce3 Rf7 23. Qg4 Qxg4 24. Nxg4 Bg5 25. f3 Rb8 26. Rfe1 Na5 27. Nf2 Bh4
28. g3 Bd8 29. Kg2 b5 30. axb5 Rxb5 31. Nb4 h6 32. Re2 Kh7 33. Rd1 Rb6 34. Ne4
Nb7 35. h4 a5 36. Nd5 Rb3 37. h5 Kg8 38. Ne3 Bc7 39. g4 Rb6 40. Nf5 Kf8 41. Nh4
Rd7 42. Ng6+ Ke8 43. g5 Bd8 44. f4 hxg5 45. fxe5 d5 46. Nd6+ Rdxd6 47. exd6+
Kd7 48. Rxd5 Nxd6 49. c4 Bc7 50. c5 Rb5 51. Red2 Kc6 52. cxd6 1-0

[Event "SR 2. liga A 2015/2016"]
[Site "?"]
[Date "2015.11.08"]
[Round "4.2"]
[White "Fabry, Robert"]
[Black "Kavon, Rastislav"]
[Result "1/2-1/2"]
[WhiteElo "2118"]
[BlackElo "2183"]
[PlyCount "23"]
[EventDate "2015.??.??"]

1. e4 c5 2. Nf3 d6 3. d4 cxd4 4. Nxd4 Nf6 5. Nc3 g6 6. Be2 Bg7 7. Be3 O-O 8.
O-O Nc6 9. f3 Qb6 10. Na4 Qa5 11. Nc3 Bd7 12. Nb3 1/2-1/2

[Event "SR 2. liga A 2015/2016"]
[Site "?"]
[Date "2015.11.08"]
[Round "4.2"]
[White "Bango, Lukas"]
[Black "Tepper, Frantisek"]
[Result "0-1"]
[WhiteElo "2071"]
[BlackElo "2139"]
[PlyCount "44"]
[EventDate "2015.??.??"]

1. e4 Nc6 2. Nc3 e5 3. Bc4 Nf6 4. f4 Nxe4 5. Nxe4 d5 6. Bd3 dxe4 7. Bxe4 exf4
8. Ne2 Qh4+ 9. Kf1 Bd6 10. d4 O-O 11. c4 Bg4 12. c5 Bxe2+ 13. Kxe2 Rfe8 14. Kd3
Bxc5 15. Bxc6 bxc6 16. Qc2 Bb6 17. Rf1 f3 18. Qxc6 Qxd4+ 19. Kc2 Re2+ 20. Kb3
Qd3+ 21. Ka4 Qa6+ 22. Kb3 Rb8 0-1

[Event "SR 2. liga A 2015/2016"]
[Site "?"]
[Date "2015.11.08"]
[Round "4.2"]
[White "Kozinka, Roman"]
[Black "Kolman, Richard"]
[Result "0-1"]
[WhiteElo "1989"]
[BlackElo "2079"]
[PlyCount "112"]
[EventDate "2015.??.??"]

1. e4 d6 2. d4 Nf6 3. Nc3 c6 4. Nf3 Bg4 5. Be2 e6 6. O-O d5 7. exd5 Bxf3 8.
Bxf3 cxd5 9. Re1 Be7 10. Qd3 O-O 11. Bf4 Nc6 12. Rad1 Rc8 13. a3 Na5 14. g4 Nc4
15. Bc1 Re8 16. Ne2 Qb6 17. b4 Qc6 18. Nf4 Nd6 19. Re2 Nfe4 20. Rde1 Qa4 21.
Bb2 Rc6 22. Ng2 Rec8 23. Qb3 Qxb3 24. cxb3 Ng5 25. Re3 Rc2 26. Rb1 Rxb2 27.
Rxb2 Nxf3+ 28. Rxf3 Rc1+ 29. Ne1 Rxe1+ 30. Kg2 Rc1 31. Re3 Bf6 32. Ree2 Bxd4
33. Rbc2 Rxc2 34. Rxc2 Kf8 35. a4 Ke8 36. f4 Kd7 37. b5 f6 38. h4 e5 39. Kf3
Ne4 40. h5 Nc5 41. f5 h6 42. g5 fxg5 43. a5 e4+ 44. Kg4 Nxb3 45. Ra2 Nc5 46.
Rd2 Nd3 47. Ra2 Kd6 48. a6 b6 49. Rc2 Ne5+ 50. Kg3 Nc4 51. Rc1 Kc5 52. f6 Bxf6
53. Kg4 d4 54. Kf5 Kd5 55. Kg6 e3 56. Kf5 d3 0-1

[Event "SR 2. liga A 2015/2016"]
[Site "?"]
[Date "2015.11.08"]
[Round "4.2"]
[White "Sturc, Jan"]
[Black "Lopatievov, Alexander"]
[Result "1/2-1/2"]
[WhiteElo "2057"]
[BlackElo "1903"]
[PlyCount "141"]
[EventDate "2015.??.??"]

1. e4 c6 2. d4 d5 3. Nc3 dxe4 4. Nxe4 Bf5 5. Ng3 Bg6 6. h4 h6 7. Nf3 Nf6 8. h5
Bh7 9. Bd3 Bxd3 10. Qxd3 e6 11. Bf4 Nd5 12. Bd2 Qc7 13. Rh4 Nd7 14. c4 N5f6 15.
O-O-O Bd6 16. c5 Bxg3 17. fxg3 Nd5 18. Rg4 N7f6 19. Rxg7 Nxh5 20. Rh7 O-O-O 21.
Rxh8 Rxh8 22. Ne5 f5 23. Qa3 Kb8 24. Qb3 Nhf6 25. Ba5 b6 26. Nc4 Nd7 27. Bd2
Rg8 28. Nd6 Ka8 29. Bf4 Nxf4 30. gxf4 Rg6 31. Re1 Nf8 32. Qf3 bxc5 33. dxc5 Nd7
34. b4 Nb8 35. Re2 Qg7 36. Qb3 Rg3 37. Qb2 Qg4 38. Qd2 Qg7 39. Qb2 Qg4 40. Qd2
Qg7 41. Kb1 h5 42. Ne8 Qd7 43. Qxd7 Nxd7 44. Nc7+ Kb7 45. Nxe6 Nf6 46. Nd4 Nd5
47. Nxf5 Nc3+ 48. Kc2 Nxe2 49. Nxg3 Nxg3 50. Kd3 a5 51. bxa5 Ka6 52. Kd4 Kxa5
53. Ke5 Kb5 54. f5 Nxf5 55. Kxf5 Kxc5 56. Ke5 Kc4 57. Kd6 c5 58. a4 Kb4 59. a5
c4 60. a6 c3 61. a7 c2 62. a8=Q c1=Q 63. Qb7+ Ka3 64. Qf3+ Kb4 65. Qb7+ Ka3 66.
Ke5 Qg5+ 67. Kd4 Qd2+ 68. Ke5 Qg5+ 69. Kd6 Qg6+ 70. Kc5 Qc2+ 71. Kd4 1/2-1/2

[Event "SR 2. liga A 2015/2016"]
[Site "?"]
[Date "2015.11.08"]
[Round "4.2"]
[White "Zarecky, Eduard"]
[Black "Kuna, Vladimir"]
[Result "0-1"]
[WhiteElo "1915"]
[BlackElo "2014"]
[PlyCount "63"]
[EventDate "2015.??.??"]

1. d4 d5 2. c4 e6 3. a3 Nf6 4. Nc3 Be7 5. Nf3 O-O 6. e3 c6 7. b4 Nbd7 8. Bb2
Re8 9. Bd3 dxc4 10. Bxc4 Qc7 11. Ne2 Bd6 12. Rc1 a6 13. Ng3 Nf8 14. O-O Ng6 15.
Qc2 e5 16. Nf5 e4 17. Nxd6 Qxd6 18. Ng5 Nh8 19. Qb3 Re7 20. f4 h6 21. Nh3 Bxh3
22. gxh3 Qd7 23. f5 Rd8 24. Rc2 Nd5 25. Rg2 f6 26. Rf4 Nf7 27. Rfg4 Ng5 28.
Bxd5+ Qxd5 29. Qxd5+ Rxd5 30. h4 Nf3+ 31. Kf2 Rxf5 32. Kg3 0-1

[Event "SR 2. liga A 2015/2016"]
[Site "?"]
[Date "2015.11.08"]
[Round "4.2"]
[White "Munk, Lubomir"]
[Black "Capanda, Jan"]
[Result "0-1"]
[WhiteElo "1797"]
[BlackElo "1846"]
[PlyCount "86"]
[EventDate "2015.??.??"]

1. c4 c5 2. Nc3 g6 3. e4 Bg7 4. g3 Nc6 5. Bg2 d6 6. Nge2 Nf6 7. d3 O-O 8. O-O
a6 9. Rb1 Rb8 10. h3 b5 11. b3 Bd7 12. Be3 Qc8 13. Kh2 b4 14. Nd5 e6 15. Nxf6+
Bxf6 16. d4 Be7 17. Qd2 e5 18. d5 Nd4 19. f4 f6 20. Rf2 a5 21. Rbf1 Qc7 22. g4
a4 23. Qb2 axb3 24. axb3 Qa7 25. Ra1 Qb7 26. fxe5 fxe5 27. Rxf8+ Rxf8 28. Qa2
Kg7 29. Nc1 Qc8 30. Qd2 Kg8 31. Bh6 Rf7 32. Qa2 Bf8 33. Be3 Qd8 34. Qd2 h5 35.
gxh5 gxh5 36. Bg5 Be7 37. Bxe7 Qxe7 38. Qh6 Qf8 39. Qg6+ Rg7 40. Qxh5 Bxh3 41.
Ra2 Qf4+ 42. Kh1 Bxg2+ 43. Rxg2 Qf1+ 0-1

[Event "SR 2. liga A 2015/2016"]
[Site "?"]
[Date "2015.11.08"]
[Round "4.3"]
[White "Balogh, Peter"]
[Black "Kovacocy, Pavel"]
[Result "1/2-1/2"]
[WhiteElo "2105"]
[BlackElo "2194"]
[PlyCount "30"]
[EventDate "2015.??.??"]

1. d4 g6 2. c4 Bg7 3. Nc3 d6 4. e4 e5 5. Nge2 Nc6 6. Be3 Nf6 7. f3 exd4 8. Nxd4
Nxd4 9. Bxd4 O-O 10. Be2 Nh5 11. O-O Nf4 12. Be3 Bxc3 13. bxc3 Qg5 14. Bxf4
Qxf4 15. Qd4 Qe5 1/2-1/2

[Event "SR 2. liga A 2015/2016"]
[Site "?"]
[Date "2015.11.08"]
[Round "4.3"]
[White "Arendas, Marek"]
[Black "Takacs, Laszlo"]
[Result "0-1"]
[WhiteElo "2153"]
[BlackElo "2153"]
[PlyCount "110"]
[EventDate "2015.??.??"]

1. e4 c5 2. Nf3 e6 3. d4 cxd4 4. Nxd4 Nf6 5. Bd3 Nc6 6. Nxc6 bxc6 7. c4 d5 8.
cxd5 cxd5 9. Bb5+ Bd7 10. Bxd7+ Qxd7 11. exd5 Nxd5 12. O-O Bd6 13. Qd4 O-O 14.
Nc3 Nxc3 15. Qxc3 Rfc8 16. Qf3 Be5 17. a3 Rab8 18. Rb1 Qc7 19. h3 Qc2 20. Be3
Bxb2 21. Bxa7 Rb3 22. Be3 Bxa3 23. Rxb3 Qxb3 24. Rd1 Bf8 25. Rd7 e5 26. Qf5 Re8
27. Ra7 Rd8 28. g3 Rd1+ 29. Kh2 Qd5 30. g4 Rh1+ 31. Kg3 Rg1+ 32. Kh4 Qd8+ 33.
g5 Qd5 34. f4 Re1 35. Rd7 Qe6 36. Qxe6 fxe6 37. Bd2 Rd1 38. Rd8 exf4 39. Ba5
Rxd8 40. Bxd8 Bd6 41. Kg4 Kf7 42. Ba5 e5 43. Kf5 Bc5 44. Ke4 Kg6 45. Bc7 Bd4
46. Bd8 Kh5 47. Be7 g6 48. Bf6 Kh4 49. Kf3 Kxh3 50. Bd8 Kh2 51. Ba5 Be3 52. Bc7
Bd4 53. Bd6 Kh3 54. Bc7 Kh4 55. Bd8 Kh5 0-1

[Event "SR 2. liga A 2015/2016"]
[Site "?"]
[Date "2015.11.08"]
[Round "4.3"]
[White "Cibulka, Vladimir"]
[Black "Nicolini, Alexander"]
[Result "1/2-1/2"]
[WhiteElo "2166"]
[BlackElo "2137"]
[PlyCount "37"]
[EventDate "2015.??.??"]

1. d4 f5 2. Bg5 c5 3. dxc5 Qa5+ 4. Nc3 Qxc5 5. Nf3 Nf6 6. Bxf6 gxf6 7. Qd4 Qxd4
8. Nxd4 d6 9. Nd5 Kd8 10. e3 Nc6 11. O-O-O Bd7 12. Be2 Rc8 13. Kb1 Bg7 14. Rhe1
Re8 15. Bh5 Rf8 16. Nf4 Nxd4 17. exd4 e5 18. dxe5 fxe5 19. Nd5 1/2-1/2

[Event "SR 2. liga A 2015/2016"]
[Site "?"]
[Date "2015.11.08"]
[Round "4.3"]
[White "Sturdik, Igor"]
[Black "Kalmar, Tamas"]
[Result "1/2-1/2"]
[WhiteElo "1985"]
[BlackElo "2025"]
[PlyCount "69"]
[EventDate "2015.??.??"]

1. e4 c6 2. d4 d5 3. Nc3 dxe4 4. Nxe4 Bf5 5. Ng3 Bg6 6. h4 h6 7. Nf3 Nd7 8. h5
Bh7 9. Bd3 Bxd3 10. Qxd3 e6 11. Bd2 Qc7 12. O-O-O Ngf6 13. Ne4 Nxe4 14. Qxe4
O-O-O 15. Kb1 Bd6 16. c4 Nf6 17. Qe2 Rhe8 18. Bc3 Nd7 19. Ne5 Nxe5 20. dxe5 Bc5
21. b4 Bf8 22. Kc2 Rxd1 23. Rxd1 Rd8 24. f4 Rxd1 25. Qxd1 Qd7 26. Qd3 Qxd3+ 27.
Kxd3 g6 28. g4 Kd7 29. a4 a6 30. b5 Be7 31. Bd4 gxh5 32. gxh5 Kc7 33. Be3 Bf8
34. Ke4 c5 35. Bd2 1/2-1/2

[Event "SR 2. liga A 2015/2016"]
[Site "?"]
[Date "2015.11.08"]
[Round "4.3"]
[White "Veselsky, Jozef"]
[Black "Puchart, Vladimir"]
[Result "0-1"]
[WhiteElo "2075"]
[BlackElo "2018"]
[PlyCount "56"]
[EventDate "2015.??.??"]

1. d4 Nf6 2. Nf3 d5 3. c4 c6 4. Nc3 Bf5 5. Bg5 e6 6. e3 Be7 7. Be2 Nbd7 8. O-O
O-O 9. Nh4 Bg6 10. Nxg6 hxg6 11. Qb3 Qb6 12. Qc2 Rac8 13. Rfc1 Rfe8 14. Bf4
dxc4 15. Bxc4 Nh5 16. Bxe6 fxe6 17. Qxg6 Nxf4 18. exf4 Nf8 19. Qe4 Rcd8 20. Ne2
Bf6 21. Rd1 Rd5 22. Rd2 Red8 23. g4 Bxd4 24. Ng3 Bxb2 25. Rxb2 Qxb2 26. Rf1 Rd1
27. f5 Rxf1+ 28. Kxf1 Qd4 0-1

[Event "SR 2. liga A 2015/2016"]
[Site "?"]
[Date "2015.11.08"]
[Round "4.3"]
[White "Stetina, Erik"]
[Black "Ivan, Imrich Ml"]
[Result "1-0"]
[WhiteElo "2018"]
[BlackElo "2052"]
[PlyCount "60"]
[EventDate "2015.??.??"]

1. e4 e6 2. d4 d5 3. e5 c5 4. c3 Nc6 5. Nf3 Qb6 6. Bd3 cxd4 7. cxd4 Bd7 8. O-O
Nxd4 9. Nbd2 Nxf3+ 10. Nxf3 Ne7 11. Be3 Qa5 12. b4 Qd8 13. b5 Ng6 14. g3 Be7
15. h4 f5 16. h5 Nf8 17. Nd4 h6 18. g4 Bc5 19. Nxf5 b6 20. Bxc5 bxc5 21. Nd6+
Ke7 22. Qf3 Be8 23. Qe3 c4 24. Qc5 Kd7 25. Nf5 exf5 26. Bxf5+ Ne6 27. Qd6+ Kc8
28. Bxe6+ Bd7 29. Qxd5 Bxe6 30. Qxa8+ Kc7 1-0

[Event "SR 2. liga A 2015/2016"]
[Site "?"]
[Date "2015.11.08"]
[Round "4.3"]
[White "Darazs, Zoltan"]
[Black "Doucha, Ludvig"]
[Result "1-0"]
[WhiteElo "2146"]
[BlackElo "1967"]
[PlyCount "83"]
[EventDate "2015.??.??"]

1. e4 e5 2. Nf3 Nc6 3. Bb5 a6 4. Ba4 Nf6 5. O-O Be7 6. d4 b5 7. Bb3 d6 8. dxe5
Nxe5 9. Nxe5 dxe5 10. Qe2 O-O 11. Rd1 Qe8 12. Nc3 h6 13. a4 b4 14. Nd5 Nxd5 15.
Bxd5 c6 16. Bc4 a5 17. Be3 Kh7 18. Bb6 Bb7 19. Qh5 Ba6 20. Bb3 f6 21. Qf5+ Kh8
22. Qd7 Bc8 23. Qxe8 Rxe8 24. Rd2 Ra6 25. Be3 Rd8 26. Rxd8+ Bxd8 27. Bc5 Bc7
28. Rd1 Ra8 29. Bc4 Kh7 30. f3 Kg6 31. g4 h5 32. gxh5+ Kxh5 33. Bf7+ g6 34. Be8
Bh3 35. Bxc6 Rd8 36. Rxd8 Bxd8 37. c4 bxc3 38. bxc3 Be6 39. Bb5 g5 40. Be8+ Kh4
41. Bf2+ Kh3 42. Bb5 1-0

[Event "SR 2. liga A 2015/2016"]
[Site "?"]
[Date "2015.11.08"]
[Round "4.3"]
[White "Mosny, Jaroslav"]
[Black "Szitasi, Janos"]
[Result "1/2-1/2"]
[WhiteElo "1972"]
[BlackElo "1989"]
[PlyCount "22"]
[EventDate "2015.??.??"]

1. d4 d5 2. Nf3 Nf6 3. e3 e6 4. Bd3 c5 5. b3 Nc6 6. O-O Be7 7. Bb2 O-O 8. Nbd2
b6 9. a3 Bb7 10. Qe2 Rc8 11. c4 h6 1/2-1/2

[Event "SR 2. liga A 2015/2016"]
[Site "?"]
[Date "2015.11.08"]
[Round "4.4"]
[White "Petrik, Stanislav"]
[Black "Jozefek, Michal"]
[Result "0-1"]
[WhiteElo "2143"]
[BlackElo "2213"]
[PlyCount "46"]
[EventDate "2015.??.??"]

1. e4 c5 2. Nf3 d6 3. Bb5+ Bd7 4. Bxd7+ Qxd7 5. O-O Nc6 6. c3 Nf6 7. Qe2 g6 8.
d4 cxd4 9. cxd4 Bg7 10. d5 Nb4 11. Nc3 O-O 12. Bg5 Rfc8 13. h3 Qc7 14. a3 Na6
15. e5 dxe5 16. Nxe5 Rd8 17. Rac1 Nc5 18. Rfe1 Nfe4 19. Nxf7 Nxc3 20. bxc3 Kxf7
21. Qf3+ Bf6 22. Re3 Kg7 23. Bf4 Qd7 {cas} 0-1

[Event "SR 2. liga A 2015/2016"]
[Site "?"]
[Date "2015.11.08"]
[Round "4.4"]
[White "Spacek, Oliver"]
[Black "Polacik, Igor"]
[Result "0-1"]
[WhiteElo "2198"]
[BlackElo "2125"]
[PlyCount "62"]
[EventDate "2015.??.??"]

1. d4 Nf6 2. Nf3 e6 3. Bf4 c5 4. c3 b6 5. e3 Bb7 6. a4 a6 7. Nbd2 d5 8. h3 Nc6
9. Be2 Bd6 10. Bxd6 Qxd6 11. a5 cxd4 12. exd4 Nxa5 13. b4 Nc4 14. Nxc4 dxc4 15.
Bxc4 b5 16. Be2 Rc8 17. Ra3 Ne4 18. Qd3 Rxc3 19. Rxc3 Qxb4 20. O-O Nxc3 21. Bd1
Nxd1 22. Rxd1 O-O 23. Ng5 g6 24. h4 Qc4 25. Qg3 Qd5 26. Nh3 Rd8 27. Ng5 e5 28.
f3 exd4 29. h5 d3 30. Rd2 Qc5+ 31. Kh1 Qc1+ 0-1

[Event "SR 2. liga A 2015/2016"]
[Site "?"]
[Date "2015.11.08"]
[Round "4.4"]
[White "Nemsak, Denis"]
[Black "Ocko, Martin"]
[Result "1-0"]
[WhiteElo "2091"]
[BlackElo "2038"]
[PlyCount "51"]
[EventDate "2015.??.??"]

1. c4 Nf6 2. Nc3 e6 3. e4 d5 4. e5 d4 5. exf6 dxc3 6. bxc3 Qxf6 7. d4 c5 8. Nf3
h6 9. Bd3 Na6 10. O-O Bd7 11. Be4 Rb8 12. Ne5 Bd6 13. Nxd7 Kxd7 14. g3 Ke7 15.
Rb1 cxd4 16. cxd4 b6 17. Be3 e5 18. Qa4 exd4 19. Qxa6 dxe3 20. fxe3 Qe5 21.
Qxa7+ Bc7 22. Rf5 Qd6 23. Rd5 Ra8 24. Qxa8 Qe6 25. Qa3+ Ke8 26. Bf5 1-0

[Event "SR 2. liga A 2015/2016"]
[Site "?"]
[Date "2015.11.08"]
[Round "4.4"]
[White "Pericka, Tomas"]
[Black "Petrik, Karol"]
[Result "0-1"]
[WhiteElo "2008"]
[BlackElo "2056"]
[PlyCount "66"]
[EventDate "2015.??.??"]

1. e4 c6 2. d4 g6 3. Nc3 Bg7 4. f4 d5 5. e5 h5 6. Bd3 Nh6 7. Nf3 Bg4 8. h3 Bxf3
9. Qxf3 e6 10. Be3 h4 11. Ne2 Nd7 12. g4 hxg3 13. Qxg3 Nf5 14. Bxf5 exf5 15. e6
Nf8 16. exf7+ Kxf7 17. O-O-O Qh4 18. Qg2 Re8 19. Bd2 Ne6 20. Be1 Qf6 21. h4 Bh6
22. Qf3 Ng7 23. Ng3 Ne6 24. Ne2 Bf8 25. h5 gxh5 26. Bh4 Qh6 27. Qh3 Ng7 28. Bg5
Qe6 29. Ng3 Qe3+ 30. Kb1 Qf3 31. Rdf1 Qg4 32. Qh2 h4 33. Rd1 Bd6 0-1

[Event "SR 2. liga A 2015/2016"]
[Site "?"]
[Date "2015.11.08"]
[Round "4.4"]
[White "Krajnak, Robert"]
[Black "Nemeckay, Rastislav"]
[Result "1/2-1/2"]
[WhiteElo "2064"]
[BlackElo "1995"]
[PlyCount "21"]
[EventDate "2015.??.??"]

1. c4 c6 2. Nf3 d5 3. e3 Nf6 4. Nc3 e6 5. b3 Nbd7 6. Bb2 Bd6 7. Be2 O-O 8. Qc2
Qe7 9. Rc1 a6 10. O-O b5 11. cxd5 1/2-1/2

[Event "SR 2. liga A 2015/2016"]
[Site "?"]
[Date "2015.11.08"]
[Round "4.4"]
[White "Diviak, Rastislav"]
[Black "Goga, Frantisek"]
[Result "1/2-1/2"]
[WhiteElo "1949"]
[BlackElo "1969"]
[PlyCount "81"]
[EventDate "2015.??.??"]

1. e4 c5 2. Nf3 d6 3. d4 cxd4 4. Nxd4 Nf6 5. Nc3 a6 6. Be2 e5 7. Nb3 Be6 8. O-O
Nbd7 9. Be3 Be7 10. f4 exf4 11. Rxf4 Ne5 12. Nd4 Qc7 13. Nf5 O-O 14. Qe1 d5 15.
Qg3 Ng6 16. e5 Ne4 17. Nxe4 dxe4 18. Nxe7+ Nxe7 19. c3 Nf5 20. Qf2 Qxe5 21. g4
Nxe3 22. Qxe3 f5 23. gxf5 Rxf5 24. Rxf5 Qxf5 25. Rf1 Qg6+ 26. Kh1 Rf8 27. Rxf8+
Kxf8 28. Qf4+ Qf5 29. Qb8+ Bc8 30. Qd6+ Ke8 31. Qc7 Qd7 32. Qe5+ Qe7 33. Bh5+
g6 34. Qh8+ Qf8 35. Qe5+ Kd8 36. Qa5+ Ke8 37. Qe5+ Kf7 38. Be2 Qe7 39. Bc4+ Be6
40. Qxe4 Bxc4 41. Qxc4+ 1/2-1/2

[Event "SR 2. liga A 2015/2016"]
[Site "?"]
[Date "2015.11.08"]
[Round "4.4"]
[White "Jelenciak, Jozef"]
[Black "Danada, Ondrej"]
[Result "0-1"]
[WhiteElo "1863"]
[BlackElo "1923"]
[PlyCount "70"]
[EventDate "2015.??.??"]

1. e4 c6 2. d4 d5 3. e5 c5 4. c3 Nc6 5. Ne2 cxd4 6. cxd4 Bf5 7. Ng3 Bg6 8. Nc3
e6 9. Bd3 Qb6 10. Bxg6 hxg6 11. Nge2 Bb4 12. O-O Bxc3 13. bxc3 Qa6 14. a4 Na5
15. Ba3 Rc8 16. Bb4 Nc4 17. a5 Ne7 18. Bxe7 Kxe7 19. Qb3 Rhd8 20. Qb4+ Ke8 21.
Rfd1 Nxe5 22. Ra2 Rc4 23. Qa3 Ng4 24. Rd3 Qd6 25. Qb3 Qxh2+ 26. Kf1 Qc7 27. Rh3
Nf6 28. Rb2 Rd7 29. Rh8+ Ke7 30. Ra8 Qxa5 31. Ra2 Qb6 32. Qa3+ Qd6 33. Qxa7 Ne4
34. Ra3 Qc7 35. Rb3 Nd2+ 0-1

[Event "SR 2. liga A 2015/2016"]
[Site "?"]
[Date "2015.11.08"]
[Round "4.4"]
[White "Ulehla, Jakub"]
[Black "Machalec, Vladimir"]
[Result "0-1"]
[WhiteElo "1665"]
[BlackElo "1840"]
[PlyCount "38"]
[EventDate "2015.??.??"]

1. e4 c5 2. Nf3 Nc6 3. d4 cxd4 4. Nxd4 g6 5. Nc3 Bg7 6. Be3 Nf6 7. f3 O-O 8.
Qd2 d5 9. O-O-O Nxd4 10. Qxd4 Be6 11. e5 Nd7 12. f4 f6 13. exf6 Nxf6 14. Qd2
Qa5 15. Kb1 Rac8 16. Nxd5 Qxd5 17. Qxd5 Nxd5 18. Bxa7 Nxf4 19. b3 Rfd8 0-1

[Event "SR 2. liga A 2015/2016"]
[Site "?"]
[Date "2015.11.08"]
[Round "4.5"]
[White "Duriga, Stefan"]
[Black "Rohacek, Miroslav"]
[Result "1/2-1/2"]
[WhiteElo "2230"]
[BlackElo "2294"]
[PlyCount "49"]
[EventDate "2015.??.??"]

1. d4 Nf6 2. c4 e5 3. d5 Bc5 4. e3 d6 5. a3 a5 6. Nf3 O-O 7. Be2 c6 8. Nc3 Bf5
9. O-O Na6 10. b3 Rb8 11. Bb2 Nc7 12. Na4 Ba7 13. dxc6 Ne4 14. cxb7 Rxb7 15.
Nc3 Nc5 16. Nb5 Nxb5 17. cxb5 Be6 18. Bc4 d5 19. b4 axb4 20. axb4 dxc4 21. bxc5
Bxc5 22. Qxd8 Rxd8 23. Bxe5 Rxb5 24. Nd4 Bxd4 25. Bxd4 1/2-1/2